[Event "BRA-ch (Women) 60th"]
[Site "Cuiaba"]
[Date "2021.10.30"]
[Round "4"]
[White "Da Silva, Debora Oliveira Lop"]
[Black "Montes, Sofia"]
[Result "1/2-1/2"]
[WhiteElo "1389"]
[BlackElo "1836"]
[PlyCount "72"]
[EventDate "2021.10.28"]
[EventType "swiss"]
[EventRounds "11"]
[EventCountry "BRA"]
[SourceTitle "CBM 205 Extra"]
[Source "ChessBase"]
[SourceDate "2022.01.31"]
[SourceVersion "1"]
[SourceVersionDate "2022.01.31"]
[SourceQuality "1"]

1. e4 e6 2. d3 d5 3. Nd2 Nf6 4. Ngf3 Be7 5. g3 0-0 6. Bg2 Nc6 7. 0-0 b6 8. Re1 Bb7 9. e5 Nd7 10. Nf1 Re8 11. h4 h6 12. N1h2 Bf8 13. Bf4 Ne7 14. h5 c5 15. c3 Nf5 16. d4 cxd4 17. cxd4 Rc8 18. Rc1 Qe7 19. a3 Rc4 20. Qd3 Rec8 21. Bh3 Ba6 22. Qd2 f6 23. Bxf5 exf5 24. Nh4 Rxc1 25. Rxc1 Rxc1+ 26. Qxc1 fxe5 27. dxe5 Nxe5 28. Nxf5 Qf6 29. Bxe5 Qxf5 30. Qc7 Qxh5 31. Qxa7 Qxe5 32. Qxa6 Qxb2 33. a4 d4 34. Qc4+ Kh8 35. Qc8 Qb4 36. Qc6 Qb1+ 1/2-1/2